[Event "CAN-Zonal qual. Online"]
[Site "Internet Chess Club"]
[Date "2021.06.03"]
[Round "10"]
[White "Bellissimo, Joseph"]
[Black "Kleinman, Michael"]
[Result "1/2-1/2"]
[WhiteElo "2203"]
[BlackElo "2387"]
[PlyCount "48"]
[EventDate "2021.05.31"]
[EventType "tourn (rapid)"]
[EventRounds "11"]
[EventCountry "CAN"]

1. e4 c5 2. Nf3 d6 3. d4 cxd4 4. Qxd4 Nf6 5. Bg5 Nc6 6. Bb5 Qa5+ 7. Nc3 Qxb5 8.
Nxb5 Nxd4 9. Nfxd4 Nxe4 10. Nc7+ Kd8 11. Nxa8 Nxg5 12. Nb5 a6 13. Nc3 b5 14. h4
Ne6 15. Nb6 Bb7 16. Nbd5 Nc5 17. b4 Na4 18. f3 g6 19. Nxa4 Bxd5 20. Nc3 Bg7 21.
Kd2 Bh6+ 22. Kd1 Bg7 23. Kd2 Bh6+ 24. Kd1 Bg7 1/2-1/2

[Event "CAN-Zonal qual. Online"]
[Site "Internet Chess Club"]
[Date "2021.06.03"]
[Round "10"]
[White "Plotkin, Mark"]
[Black "Gedajlovic, Max"]
[Result "0-1"]
[WhiteElo "2430"]
[BlackElo "2270"]
[PlyCount "64"]
[EventDate "2021.05.31"]
[EventType "tourn (rapid)"]
[EventRounds "11"]
[EventCountry "CAN"]

1. Nf3 Nf6 2. d4 e6 3. c4 b6 4. g3 Bb7 5. Bg2 g6 6. O-O Bg7 7. Nc3 Ne4 8. Qd3
Nxc3 9. bxc3 O-O 10. e4 d6 11. Bg5 Qe8 12. h4 e5 13. Rae1 Nc6 14. h5 Ba6 15.
hxg6 hxg6 16. d5 Na5 17. Nd2 Qa4 18. f4 exf4 19. Rxf4 Nxc4 20. Bf1 Nxd2 21.
Qxd2 Bxf1 22. Rexf1 Qc4 23. Bf6 Bxf6 24. Rxf6 Rae8 25. Qg5 Qxe4 26. R1f4 Re5
27. Qh6 Qe3+ 28. Kg2 Qd2+ 29. Kh3 Rh5+ 30. Qxh5 gxh5 31. c4 Kg7 32. Kh4 Qh2+
0-1

[Event "CAN-Zonal qual. Online"]
[Site "Internet Chess Club"]
[Date "2021.06.03"]
[Round "10"]
[White "Preotu, Razvan"]
[Black "Rusonik, Max"]
[Result "1-0"]
[WhiteElo "2487"]
[BlackElo "2047"]
[PlyCount "49"]
[EventDate "2021.05.31"]
[EventType "tourn (rapid)"]
[EventRounds "11"]
[EventCountry "CAN"]

1. e4 e5 2. Nf3 Nc6 3. Bc4 Bc5 4. c3 Nf6 5. d3 d6 6. O-O a6 7. a4 Ba7 8. Nbd2
O-O 9. h3 h6 10. Re1 Nh5 11. Nf1 Qf6 12. N1h2 Nf4 13. Ng4 Qg6 14. Bxf4 Bxg4 15.
Nh4 Qf6 16. Qxg4 exf4 17. d4 Ne7 18. e5 dxe5 19. Rxe5 c5 20. Rae1 Nc6 21. Rf5
Qd6 22. Ng6 Kh7 23. Nxf8+ Rxf8 24. Bxf7 Ne7 25. Re6 1-0

[Event "CAN-Zonal qual. Online"]
[Site "Internet Chess Club"]
[Date "2021.06.03"]
[Round "10"]
[White "Talukdar, Rohan"]
[Black "Thavandiran, Shiyam"]
[Result "0-1"]
[WhiteElo "2341"]
[BlackElo "2420"]
[PlyCount "74"]
[EventDate "2021.05.31"]
[EventType "tourn (rapid)"]
[EventRounds "11"]
[EventCountry "CAN"]

1. e4 c6 2. d4 d5 3. Nc3 dxe4 4. Nxe4 Nf6 5. Nxf6+ exf6 6. c3 Bd6 7. Bd3 O-O 8.
Qc2 Re8+ 9. Ne2 h5 10. Be3 Nd7 11. O-O-O b5 12. d5 c5 13. Bxb5 Rb8 14. c4 a6
15. Bxd7 Bxd7 16. Nc3 Qa5 17. Bd2 Be5 18. b3 g6 19. Rde1 Bf5 20. Ne4 Qa3+ 21.
Kd1 a5 22. Bc1 Qb4 23. Bd2 Qb6 24. f3 a4 25. bxa4 Qa6 26. a5 Rb2 27. Qa4 Rd8
28. Re3 Bd7 29. Qa3 Qxc4 30. Qd3 Qa4+ 31. Ke1 c4 32. Qa3 Rb1+ 33. Kf2 Rxh1 34.
Qe7 Re8 35. Nxf6+ Bxf6 36. Qxf6 Qc2 37. Kg3 Qxd2 0-1

[Event "CAN-Zonal qual. Online"]
[Site "Internet Chess Club"]
[Date "2021.06.03"]
[Round "11"]
[White "Chen, Max"]
[Black "Bellissimo, Joseph"]
[Result "1/2-1/2"]
[WhiteElo "1997"]
[BlackElo "2203"]
[PlyCount "73"]
[EventDate "2021.05.31"]
[EventType "tourn (rapid)"]
[EventRounds "11"]
[EventCountry "CAN"]

1. e4 e6 2. d4 d5 3. Nd2 Nf6 4. e5 Nfd7 5. f4 c5 6. c3 Nc6 7. Ndf3 cxd4 8. cxd4
Qb6 9. g3 f6 10. Bh3 Bb4+ 11. Kf1 O-O 12. Bxe6+ Kh8 13. Bh3 fxe5 14. dxe5 Bc5
15. Kg2 Ndxe5 16. fxe5 Bxg1 17. Rxg1 Bxh3+ 18. Kxh3 Rxf3 19. Qxf3 Qxg1 20. e6
Ne5 21. Qe2 Ng6 22. b3 Re8 23. Bb2 Qb6 24. Re1 Qd6 25. Qe3 Nf8 26. Qd4 Re7 27.
Qxa7 Rxe6 28. Qxb7 d4 29. Rf1 Rf6 30. Rxf6 Qxf6 31. Ba3 Qf1+ 32. Qg2 Qf5+ 33.
g4 Qd3+ 34. Qg3 Qf1+ 35. Qg2 Qd3+ 36. Qg3 Qf1+ 37. Qg2 1/2-1/2

[Event "CAN-Zonal qual. Online"]
[Site "Internet Chess Club"]
[Date "2021.06.03"]
[Round "11"]
[White "Gedajlovic, Max"]
[Black "Preotu, Razvan"]
[Result "1-0"]
[WhiteElo "2270"]
[BlackElo "2487"]
[PlyCount "115"]
[EventDate "2021.05.31"]
[EventType "tourn (rapid)"]
[EventRounds "11"]
[EventCountry "CAN"]

1. d4 Nf6 2. c4 g6 3. Nc3 d5 4. cxd5 Nxd5 5. e4 Nxc3 6. bxc3 Bg7 7. Nf3 c5 8.
h3 O-O 9. Be3 Qa5 10. Bd2 cxd4 11. cxd4 Qa3 12. Be2 Nc6 13. d5 Ne5 14. O-O Bd7
15. Rb1 Qxa2 16. Bg5 Ba4 17. Qe1 Bc2 18. Rxb7 Bxe4 19. Nxe5 Bxe5 20. Rxe7 Qxd5
21. Bf3 f5 22. Bxe4 fxe4 23. Qb4 a5 24. Qa4 Bd6 25. Qd7 Rfd8 26. Rg7+ Kf8 27.
Bxd8 Rxd8 28. Rf7+ Kg8 29. Qxd8+ Kxf7 30. Qh8 h5 31. Rb1 Bb4 32. Rc1 Bc5 33.
Qh7+ Kf6 34. Qc7 Bd6 35. Qd8+ Kf5 36. g4+ hxg4 37. Qd7+ Kf6 38. Qxg4 a4 39. Rd1
Qe5 40. f4 Qc5+ 41. Kh1 e3 42. Qh4+ Kg7 43. Qg4 Kf6 44. f5 Qc6+ 45. Kg1 gxf5
46. Qd4+ Ke6 47. Qxe3+ Qe4 48. Qh6+ Kf7 49. Rxd6 Qe1+ 50. Kg2 Qe2+ 51. Kg3 Qe1+
52. Kf3 Qf1+ 53. Ke3 Qe1+ 54. Kd3 Qb1+ 55. Ke2 Qe4+ 56. Kf2 Qc2+ 57. Rd2 Qc5+
58. Qe3 1-0

[Event "CAN-Zonal qual. Online"]
[Site "Internet Chess Club"]
[Date "2021.06.03"]
[Round "11"]
[White "Plotkin, Victor"]
[Black "Talukdar, Rohan"]
[Result "0-1"]
[WhiteElo "2367"]
[BlackElo "2341"]
[PlyCount "80"]
[EventDate "2021.05.31"]
[EventType "tourn (rapid)"]
[EventRounds "11"]
[EventCountry "CAN"]

1. e4 c5 2. c3 Nf6 3. e5 Nd5 4. d4 cxd4 5. Nf3 Nc6 6. Bc4 Nb6 7. Bb3 d5 8. exd6
e6 9. cxd4 Bxd6 10. Nc3 O-O 11. O-O Nb4 12. Qe2 Bd7 13. Ne5 Rc8 14. Rd1 N4d5
15. Ne4 Be7 16. Nxd7 Qxd7 17. Bg5 Bxg5 18. Nxg5 Nf6 19. Nf3 Rc7 20. Rac1 Rfc8
21. Rxc7 Rxc7 22. h3 Nbd5 23. Ne5 Qc8 24. g3 h6 25. Kh2 b6 26. Rd2 a5 27. Rc2
Rxc2 28. Qxc2 Qd8 29. a3 Ne7 30. Qc3 Nf5 31. Nf3 Ne4 32. Qc2 Nxd4 33. Qxe4 Nxb3
34. Ne5 Nc5 35. Qc6 Qd4 36. Qe8+ Kh7 37. Nxf7 Qxf2+ 38. Kh1 Qxg3 39. Qh8+ Kg6
40. Nd8 Nd3 0-1

[Event "CAN-Zonal qual. Online"]
[Site "Internet Chess Club"]
[Date "2021.06.03"]
[Round "11"]
[White "Rusonik, Max"]
[Black "Bareev, Evgeny"]
[Result "1/2-1/2"]
[WhiteElo "2047"]
[BlackElo "2638"]
[PlyCount "76"]
[EventDate "2021.05.31"]
[EventType "tourn (rapid)"]
[EventRounds "11"]
[EventCountry "CAN"]

1. e4 e6 2. d4 d5 3. Nc3 dxe4 4. Nxe4 Nd7 5. Nf3 Ngf6 6. Nxf6+ Nxf6 7. c3 c5 8.
Bb5+ Bd7 9. Qa4 a6 10. Bxd7+ Qxd7 11. Qxd7+ Nxd7 12. Be3 cxd4 13. Nxd4 Be7 14.
O-O-O O-O-O 15. Nb3 Ne5 16. Na5 Rxd1+ 17. Rxd1 Bd8 18. Bd4 Bxa5 19. Bxe5 h5 20.
Kd2 f6 21. Bd4 e5 22. Bc5 Rd8+ 23. Ke2 Rxd1 24. Kxd1 Kd7 25. Ke2 f5 26. f3 Kc6
27. Bf8 g6 28. Kd3 Bc7 29. h3 Kd5 30. c4+ Ke6 31. b4 Bd8 32. a4 Bc7 33. Bc5 Bd8
34. Bf8 Bc7 35. Bc5 Bd8 36. Bf8 Bc7 37. Bc5 Bd8 38. Bf8 Bc7 1/2-1/2

[Event "CAN-Zonal qual. Online"]
[Site "Internet Chess Club"]
[Date "2021.06.03"]
[Round "11"]
[White "Thavandiran, Shiyam"]
[Black "Plotkin, Mark"]
[Result "1/2-1/2"]
[WhiteElo "2420"]
[BlackElo "2430"]
[PlyCount "32"]
[EventDate "2021.05.31"]
[EventType "tourn (rapid)"]
[EventRounds "11"]
[EventCountry "CAN"]

1. e4 c6 2. d4 d5 3. exd5 cxd5 4. Bd3 Nc6 5. c3 g6 6. h3 Bg7 7. Nf3 Nh6 8. O-O
O-O 9. Re1 f6 10. c4 Nb4 11. Bf1 Bf5 12. Na3 Be4 13. cxd5 Bxd5 14. Bd2 a5 15.
Bc4 Nf5 16. Qb3 Bxc4 1/2-1/2

[Event "CAN-Zonal qual. Online playoff-1"]
[Site "Internet Chess Club"]
[Date "2021.06.04"]
[Round "1"]
[White "Preotu, Razvan"]
[Black "Thavandiran, Shiyam"]
[Result "1-0"]
[WhiteElo "2487"]
[BlackElo "2420"]
[PlyCount "87"]
[EventDate "2021.06.04"]
[EventType "match (rapid)"]
[EventRounds "3"]
[EventCountry "CAN"]

1. e4 d5 2. exd5 Qxd5 3. Nc3 Qa5 4. d4 Nf6 5. Nf3 Bf5 6. Ne5 c6 7. Bf4 Nbd7 8.
Nc4 Qd8 9. a4 Nb6 10. Ne3 Be6 11. a5 Nbd5 12. Nexd5 Nxd5 13. Be5 f6 14. Bg3
Nxc3 15. bxc3 g6 16. Bd3 Bh6 17. O-O O-O 18. Re1 Bf7 19. Re2 Re8 20. Qb1 b5 21.
a6 Qb6 22. Qe1 Kf8 23. h4 Rad8 24. Qb1 Rd7 25. Qb4 Kg8 26. h5 Bf8 27. hxg6 hxg6
28. Qb1 Rc8 29. Re4 Rd5 30. Rg4 c5 31. Be4 f5 32. Bxd5 fxg4 33. Bxf7+ Kxf7 34.
Qb3+ c4 35. Qb1 Rd8 36. Qd1 Qe6 37. Qd2 Rd5 38. Qf4+ Kg8 39. Qb8 Rd7 40. Qxb5
Bh6 41. Qb8+ Kf7 42. Qc8 Bd2 43. Ra5 Bxc3 44. Re5 1-0

[Event "CAN-Zonal qual. Online playoff-1"]
[Site "Internet Chess Club"]
[Date "2021.06.04"]
[Round "2"]
[White "Thavandiran, Shiyam"]
[Black "Preotu, Razvan"]
[Result "1/2-1/2"]
[WhiteElo "2420"]
[BlackElo "2487"]
[PlyCount "166"]
[EventDate "2021.06.04"]
[EventType "match (rapid)"]
[EventRounds "3"]
[EventCountry "CAN"]

1. e4 c5 2. Nc3 d6 3. g3 g6 4. Bg2 Bg7 5. d3 Nc6 6. Be3 Rb8 7. Qd2 b5 8. Nge2
Nd4 9. O-O e6 10. Nc1 Ne7 11. Nd1 h5 12. h3 b4 13. a3 a5 14. axb4 axb4 15. c3
Ndc6 16. Kh1 Bd7 17. f4 Qb6 18. Qf2 bxc3 19. bxc3 O-O 20. g4 hxg4 21. hxg4 f5
22. gxf5 gxf5 23. e5 Nd5 24. exd6 Nxe3 25. Qxe3 Nd8 26. Bf3 Rf6 27. Rf2 Rh6+
28. Kg1 Rg6+ 29. Rg2 Rxg2+ 30. Bxg2 Qxd6 31. Ne2 Nf7 32. Nf2 e5 33. fxe5 Qxe5
34. Qxe5 Nxe5 35. d4 cxd4 36. Nxd4 Rc8 37. Bd5+ Kh7 38. Ra7 Rxc3 39. Be6 Nc6
40. Nxc6 Bxe6 41. Nd4 Bc8 42. Ne2 Rc2 43. Nf4 Kh6 44. Ra4 Rd2 45. Rc4 Bb7 46.
N4d3 Bf6 47. Rb4 Bd5 48. Ra4 Bg5 49. Rd4 Bf3 50. Kh2 Be3 51. Rd6+ Kh5 52. Kg3
Be2 53. Re6 Bxd3 54. Rxe3 f4+ 55. Kxf4 Rxf2+ 56. Ke5 Bf5 57. Kd4 Kg4 58. Re8
Rd2+ 59. Kc3 Rd3+ 60. Kc4 Kf4 61. Re7 Rd8 62. Kb4 Be4 63. Re6 Bd5 64. Rh6 Ke5
65. Rh5+ Kd4 66. Rh4+ Be4 67. Rg4 Rb8+ 68. Ka4 Kd5 69. Ka3 Bd3 70. Rb4 Rc8 71.
Kb2 Bc4 72. Kc3 Bf1+ 73. Kd2 Rh8 74. Rb7 Bc4 75. Rd7+ Ke4 76. Re7+ Kd4 77. Rd7+
Bd5 78. Kd1 Ke4 79. Kc1 Bc4 80. Kd2 Bb5 81. Rb7 Bc6 82. Rb4+ Kd5 83. Rg4 Ke5
1/2-1/2

[Event "CAN-Zonal qual. Online playoff-1"]
[Site "Internet Chess Club"]
[Date "2021.06.04"]
[Round "3"]
[White "Preotu, Razvan"]
[Black "Thavandiran, Shiyam"]
[Result "1-0"]
[WhiteElo "2487"]
[BlackElo "2420"]
[PlyCount "47"]
[EventDate "2021.06.04"]
[EventType "match (rapid)"]
[EventRounds "3"]
[EventCountry "CAN"]

1. e4 c6 2. Nc3 d5 3. Nf3 a6 4. d4 Bg4 5. h3 Bh5 6. exd5 cxd5 7. g4 Bg6 8. h4
f6 9. h5 Bf7 10. g5 e6 11. Rh3 Ne7 12. Bf4 Nd7 13. Qd2 Rc8 14. O-O-O Nb6 15. h6
Ng6 16. hxg7 Bxg7 17. Bh2 Nc4 18. Bxc4 Rxc4 19. Ne2 O-O 20. Rh1 Be8 21. Rxh7
fxg5 22. Nxg5 Qf6 23. Bd6 Ne7 24. Be5 1-0

[Event "CAN-Zonal qual. Online w"]
[Site "Internet Chess Club"]
[Date "2021.06.02"]
[Round "1"]
[White "Demchenko, Svitlana"]
[Black "Pham, Ngoc"]
[Result "1-0"]
[WhiteElo "2071"]
[BlackElo "2235"]
[PlyCount "43"]
[EventDate "2021.06.02"]
[EventType "tourn"]
[EventRounds "10"]
[EventCountry "CAN"]

1. d4 f5 2. Bg5 g6 3. h4 h6 4. Bf4 Bg7 5. Nc3 Nf6 6. e3 O-O 7. Qf3 d6 8. Bc4+
Kh7 9. Nge2 Ng4 10. O-O-O Nc6 11. Qg3 e5 12. Bg5 Bf6 13. f3 hxg5 14. hxg5+ Kg7
15. gxf6+ Nxf6 16. Rh2 Na5 17. dxe5 Nxc4 18. exf6+ Qxf6 19. Nf4 Kf7 20. Rh7+
Kg8 21. Nfd5 Qe6 22. Re7 1-0

[Event "CAN-Zonal qual. Online w"]
[Site "Internet Chess Club"]
[Date "2021.06.02"]
[Round "1"]
[White "Tsukerman, Julia"]
[Black "D'Souza, Carina"]
[Result "1/2-1/2"]
[WhiteElo "1523"]
[BlackElo "1302"]
[PlyCount "144"]
[EventDate "2021.06.02"]
[EventType "tourn"]
[EventRounds "10"]
[EventCountry "CAN"]

1. e4 c5 2. Nf3 d6 3. d4 cxd4 4. Nxd4 Nf6 5. Nc3 a6 6. Be3 e6 7. f3 h5 8. Qd2
Qc7 9. g3 b5 10. O-O-O Nbd7 11. Qf2 b4 12. Na4 d5 13. exd5 Nxd5 14. Kb1 Nxe3
15. Qxe3 Nc5 16. Nxc5 Bxc5 17. Qe2 Bb7 18. Bg2 h4 19. f4 Bxg2 20. Qxg2 Rc8 21.
Rhe1 Bxd4 22. Rxd4 Qc5 23. Rde4 Ke7 24. Re5 Qc6 25. Qe2 hxg3 26. hxg3 Rh1 27.
Qf2 Rxe1+ 28. Rxe1 Qc5 29. Qe2 Qc4 30. Qh2 a5 31. f5 Rc6 32. Qf2 Qc5 33. Qxc5+
Rxc5 34. fxe6 fxe6 35. Kc1 Rg5 36. Re3 Kd6 37. Kd2 Rd5+ 38. Rd3 Ke5 39. Ke3 g5
40. c3 bxc3 41. Rxc3 Rb5 42. b3 Kf5 43. Rc4 Re5+ 44. Kf3 Rd5 45. Ke3 Re5+ 46.
Kd3 Rd5+ 47. Rd4 Rxd4+ 48. Kxd4 Kg4 49. a3 Kxg3 50. b4 axb4 51. axb4 Kf3 52. b5
g4 53. b6 g3 54. b7 g2 55. b8=Q g1=Q+ 56. Kd3 Qd1+ 57. Kc3 Qe1+ 58. Kc2 Qe4+
59. Kc3 Qc6+ 60. Kd3 Qd5+ 61. Kc3 Ke4 62. Qb4+ Kf5 63. Qf8+ Ke5 64. Qh8+ Kd6
65. Qd8+ Ke5 66. Qh8+ Kf5 67. Qf8+ Ke4 68. Qb4+ Kf5 69. Qf8+ Kg4 70. Qg8+ Qg5
71. Qxe6+ Qf5 72. Qxf5+ Kxf5 1/2-1/2

[Event "CAN-Zonal qual. Online w"]
[Site "Internet Chess Club"]
[Date "2021.06.02"]
[Round "2"]
[White "D'Souza, Carina"]
[Black "Demchenko, Svitlana"]
[Result "0-1"]
[WhiteElo "1302"]
[BlackElo "2071"]
[PlyCount "68"]
[EventDate "2021.06.02"]
[EventType "tourn"]
[EventRounds "10"]
[EventCountry "CAN"]

1. d4 Nf6 2. c4 e6 3. Nf3 b6 4. a3 Bb7 5. Nc3 Be7 6. Bf4 d5 7. e3 O-O 8. Bd3
Nbd7 9. Rc1 c5 10. dxc5 Nxc5 11. Be2 Rc8 12. cxd5 Nxd5 13. Bg3 Bf6 14. Nxd5
Bxd5 15. b4 Ne4 16. O-O Bb2 17. Rxc8 Qxc8 18. Qd3 Qc3 19. Rb1 Bxa3 20. Be5 Qxd3
21. Bxd3 f6 22. Bg3 Rc8 23. Bf1 a5 24. bxa5 bxa5 25. Ra1 Bb4 26. Bf4 e5 27. Bg3
Bb3 28. Bb5 Nc3 29. Bf1 Ne4 30. Bd3 Nxg3 31. hxg3 a4 32. Ne1 a3 33. Kf1 a2 34.
Ke2 Bc3 0-1

[Event "CAN-Zonal qual. Online w"]
[Site "Internet Chess Club"]
[Date "2021.06.02"]
[Round "2"]
[White "Zhou, Qiyu"]
[Black "Tsukerman, Julia"]
[Result "1-0"]
[WhiteElo "2229"]
[BlackElo "1523"]
[PlyCount "99"]
[EventDate "2021.06.02"]
[EventType "tourn"]
[EventRounds "10"]
[EventCountry "CAN"]

1. d4 d5 2. c4 e6 3. Nc3 Nf6 4. Nf3 Be7 5. cxd5 exd5 6. Bg5 Nbd7 7. e3 c6 8.
Qc2 Nh5 9. Bxe7 Qxe7 10. O-O-O Nb6 11. h3 g6 12. Bd3 Be6 13. Kb1 O-O-O 14. Na4
Nxa4 15. Qxa4 Kb8 16. Rc1 Ng7 17. g4 Bc8 18. Rc3 Qc7 19. Rhc1 Rd6 20. Ra3 a6
21. Qb4 Ka8 22. Ne5 Rhd8 23. Be2 f6 24. Nd3 Ne6 25. f4 Ka7 26. Qc3 Re8 27. b4
b5 28. Qc2 Bb7 29. Rc3 Qe7 30. Bf1 Rh8 31. a4 Ra8 32. Ra3 Kb8 33. Kb2 Rd8 34.
Rca1 Kc7 35. f5 gxf5 36. gxf5 Ng7 37. Nc5 Kb6 38. h4 Ne8 39. Ne6 Qxb4+ 40. Rb3
Qd6 41. Qc5+ Qxc5 42. dxc5+ Ka7 43. Nxd8 Rxd8 44. axb5 cxb5 45. Bxb5 Nc7 46.
Bd3 d4 47. e4 Re8 48. Rb6 Re5 49. Rc1 Rxc5 50. Rxb7+ 1-0

[Event "CAN-Zonal qual. Online w"]
[Site "Internet Chess Club"]
[Date "2021.06.02"]
[Round "3"]
[White "Demchenko, Svitlana"]
[Black "Zhou, Qiyu"]
[Result "0-1"]
[WhiteElo "2071"]
[BlackElo "2229"]
[PlyCount "158"]
[EventDate "2021.06.02"]
[EventType "tourn"]
[EventRounds "10"]
[EventCountry "CAN"]

1. e4 e5 2. Nf3 Nc6 3. d4 exd4 4. Nxd4 Nf6 5. Nxc6 bxc6 6. e5 Qe7 7. Qe2 Nd5 8.
c4 Ba6 9. b3 g6 10. f4 Bg7 11. Qd2 Nxf4 12. Bb2 Bxe5 13. Kd1 Bxb2 14. Qxb2 O-O
15. Nd2 Rfe8 16. g3 Nh5 17. Kc2 d5 18. Bd3 Rad8 19. Rae1 Qd7 20. Qa3 dxc4 21.
bxc4 Bc8 22. Rxe8+ Rxe8 23. Qxa7 Ng7 24. Ne4 Qe7 25. Qc5 Qxc5 26. Nxc5 Ne6 27.
Nb3 c5 28. Kc3 Bb7 29. Re1 Ra8 30. Bb1 Ra4 31. Re5 Ba6 32. Bd3 Rxa2 33. Nxc5
Nxc5 34. Rxc5 Rxh2 35. Rxc7 Rg2 36. Ra7 Bxc4 37. Bxc4 Rxg3+ 38. Kd4 Rf3 39. Ke4
Rf5 40. Bd3 Kg7 41. Ke3 Rf6 42. Be4 h5 43. Bf3 Kh6 44. Bd5 Kg7 45. Bf3 h4 46.
Kf2 g5 47. Kg2 Rf4 48. Ra5 Kg6 49. Ra6+ f6 50. Ra5 g4 51. Bxg4 Rxg4+ 52. Kh3 f5
53. Ra8 Kg5 54. Ra7 Rg3+ 55. Kh2 Kg4 56. Rg7+ Kf3 57. Rh7 f4 58. Ra7 Rg5 59.
Ra3+ Kg4 60. Kg2 Rb5 61. Kg1 Rb2 62. Ra8 Kg3 63. Rg8+ Kf3 64. Rh8 Rg2+ 65. Kf1
Rg4 66. Rh7 Kg3 67. Kg1 f3 68. Rf7 h3 69. Rf8 Ra4 70. Rg8+ Kf4 71. Rf8+ Ke3 72.
Re8+ Re4 73. Rh8 Ke2 74. Rf8 Rg4+ 75. Kh2 f2 76. Kxh3 Rg8 77. Rxg8 f1=Q+ 78.
Kh4 Qh1+ 79. Kg3 Qg1+ 0-1

[Event "CAN-Zonal qual. Online w"]
[Site "Internet Chess Club"]
[Date "2021.06.02"]
[Round "3"]
[White "Pham, Ngoc"]
[Black "D'Souza, Carina"]
[Result "1-0"]
[WhiteElo "2235"]
[BlackElo "1302"]
[PlyCount "47"]
[EventDate "2021.06.02"]
[EventType "tourn"]
[EventRounds "10"]
[EventCountry "CAN"]

1. g3 d5 2. Bg2 c6 3. f4 Nf6 4. Nf3 h5 5. O-O Bg4 6. h3 Bf5 7. d3 e6 8. e3 Qb6
9. Nc3 Nbd7 10. Ng5 Be7 11. Kh1 Bg6 12. e4 dxe4 13. dxe4 Ng4 14. f5 exf5 15.
exf5 Bxf5 16. Rxf5 Nf2+ 17. Rxf2 Qxf2 18. Bf4 h4 19. Nce4 Qb6 20. Nd6+ Bxd6 21.
Qxd6 Qf2 22. Rf1 Qc5 23. Re1+ Kd8 24. Qc7# 1-0

[Event "CAN-Zonal qual. Online w"]
[Site "Internet Chess Club"]
[Date "2021.06.03"]
[Round "4"]
[White "Tsukerman, Julia"]
[Black "Demchenko, Svitlana"]
[Result "0-1"]
[WhiteElo "1523"]
[BlackElo "2071"]
[PlyCount "43"]
[EventDate "2021.06.02"]
[EventType "tourn"]
[EventRounds "10"]
[EventCountry "CAN"]

1. e4 c5 2. Nf3 e6 3. d4 cxd4 4. Nxd4 Bc5 5. Nb3 Bb6 6. Nc3 Ne7 7. Qg4 O-O 8.
Bd3 Nbc6 9. Be2 f5 10. exf5 Nxf5 11. O-O d5 12. Na4 Bc7 13. Qg5 Qe8 14. Nac5 b6
15. Nd3 e5 16. Qd2 Be6 17. f4 e4 18. Nb4 Nxb4 19. Qxb4 Qg6 20. Nd4 Bd6 21. Qd2
Nxd4 22. Bd1 0-1

[Event "CAN-Zonal qual. Online w"]
[Site "Internet Chess Club"]
[Date "2021.06.03"]
[Round "4"]
[White "Zhou, Qiyu"]
[Black "Pham, Ngoc"]
[Result "1-0"]
[WhiteElo "2229"]
[BlackElo "2235"]
[PlyCount "55"]
[EventDate "2021.06.02"]
[EventType "tourn"]
[EventRounds "10"]
[EventCountry "CAN"]

1. d4 f5 2. c4 Nf6 3. Nc3 g6 4. h4 Bg7 5. h5 Nxh5 6. e4 e6 7. Rxh5 gxh5 8.
Qxh5+ Kf8 9. exf5 exf5 10. Bh6 d6 11. O-O-O Be6 12. Bxg7+ Kxg7 13. Rd3 Qf6 14.
Rg3+ Kf8 15. Bd3 Nc6 16. d5 f4 17. Rg5 Bf7 18. Ne4 Bxh5 19. Nxf6 Nb4 20. Nxh7+
Ke7 21. Rg7+ Kd8 22. Bf5 Na6 23. Nh3 f3 24. g4 Be8 25. N3g5 Nc5 26. b4 Nd7 27.
Bxd7 Rxh7 28. Ne6# 1-0

[Event "CAN-Zonal qual. Online w"]
[Site "Internet Chess Club"]
[Date "2021.06.03"]
[Round "5"]
[White "D'Souza, Carina"]
[Black "Zhou, Qiyu"]
[Result "0-1"]
[WhiteElo "1302"]
[BlackElo "2229"]
[PlyCount "106"]
[EventDate "2021.06.02"]
[EventType "tourn"]
[EventRounds "10"]
[EventCountry "CAN"]

1. e4 e5 2. Nf3 Nc6 3. Bc4 Bc5 4. b4 Bxb4 5. c3 Bd6 6. d4 Nf6 7. dxe5 Bxe5 8.
Ng5 d5 9. exd5 Na5 10. Qa4+ c6 11. dxc6 O-O 12. Ba3 Nxc4 13. Qxc4 Bd6 14. O-O
Bxa3 15. Nxa3 bxc6 16. Nc2 Qa5 17. Nf3 Ba6 18. Qb4 Qxb4 19. Nxb4 Bxf1 20. Rxf1
c5 21. Nd3 Rac8 22. Rb1 Rfd8 23. Nde5 Rb8 24. Rc1 Rb6 25. Nc4 Ra6 26. a3 Ne4
27. Nfe5 f6 28. Ng4 Nxc3 29. Kf1 Rd1+ 30. Rxd1 Nxd1 31. Ke2 Ra4 32. Kxd1 Rxc4
33. Ne3 Rc3 34. Nc2 a5 35. Kd2 Rb3 36. a4 Kf7 37. f4 Ke6 38. g3 Kd5 39. Ne3+
Rxe3 40. Kxe3 Kc4 41. Ke4 Kb3 42. Kf5 c4 43. Ke6 c3 44. Kf7 c2 45. Kxg7 c1=Q
46. Kxf6 Kxa4 47. f5 Qh6+ 48. Ke7 Kb5 49. f6 Qe3+ 50. Kf8 a4 51. f7 h5 52. Kg7
Qg5+ 53. Kh7 Qf6 0-1

[Event "CAN-Zonal qual. Online w"]
[Site "Internet Chess Club"]
[Date "2021.06.03"]
[Round "5"]
[White "Pham, Ngoc"]
[Black "Tsukerman, Julia"]
[Result "0-1"]
[WhiteElo "2235"]
[BlackElo "1523"]
[PlyCount "116"]
[EventDate "2021.06.02"]
[EventType "tourn"]
[EventRounds "10"]
[EventCountry "CAN"]

1. g3 d5 2. Bg2 Nf6 3. f4 c5 4. Nf3 e6 5. O-O Nc6 6. d3 Be7 7. Nc3 Rb8 8. e4
dxe4 9. dxe4 O-O 10. Qe2 Qb6 11. Kh1 Nd4 12. Nxd4 cxd4 13. Nd1 Bd7 14. Nf2 Rbc8
15. Nd3 Bb5 16. g4 Rc7 17. g5 Nd7 18. a4 Ba6 19. Rf2 e5 20. f5 Kh8 21. f6 gxf6
22. gxf6 Bxf6 23. Bh6 Rg8 24. Qh5 Bc4 25. Raf1 Bg7 26. Bxg7+ Rxg7 27. Bh3 Qg6
28. Qxg6 hxg6 29. Bxd7 Bxd3 30. cxd3 Rxd7 31. Rc1 Rg8 32. Rc5 Re8 33. Kg2 Kg7
34. Kg3 Re6 35. a5 f6 36. b4 b6 37. Rc4 bxa5 38. bxa5 Rb7 39. Rfc2 Kf7 40. Kf3
f5 41. Rc5 Kf6 42. Rc7 Re7 43. R2c6+ Kf7 44. Rxb7 Rxb7 45. a6 Re7 46. exf5 gxf5
47. h4 e4+ 48. dxe4 fxe4+ 49. Ke2 Rd7 50. Rc1 Kg6 51. Rb1 Rd6 52. Rb4 Kf5 53.
h5 d3+ 54. Kd2 e3+ 55. Kxe3 d2 56. Rf4+ Kg5 57. Rf1 d1=Q 58. Rxd1 Rxd1 0-1

[Event "CAN-Zonal qual. Online w"]
[Site "Internet Chess Club"]
[Date "2021.06.03"]
[Round "6"]
[White "D'Souza, Carina"]
[Black "Tsukerman, Julia"]
[Result "1/2-1/2"]
[WhiteElo "1302"]
[BlackElo "1523"]
[PlyCount "68"]
[EventDate "2021.06.02"]
[EventType "tourn"]
[EventRounds "10"]
[EventCountry "CAN"]

1. d4 d5 2. Bf4 Nf6 3. e3 e6 4. Nf3 Be7 5. Bd3 b6 6. Nbd2 Bb7 7. Qe2 c5 8. c3
Nc6 9. Ne5 Bd6 10. Bg3 Qc7 11. f4 a6 12. a4 Ne7 13. Ndf3 Ne4 14. Nd2 Ng8 15.
Qg4 g6 16. Bh4 Ngf6 17. Qe2 Nxd2 18. Bxf6 Nb3 19. Bxh8 Nxa1 20. Qd1 c4 21. Qxa1
cxd3 22. Nxd3 Be7 23. Be5 Qd7 24. f5 exf5 25. h4 f6 26. Bg3 Bc6 27. a5 b5 28.
Kd2 Kf7 29. Bf4 Kg7 30. h5 g5 31. Bg3 h6 32. b4 Re8 33. Qf1 Qe6 34. Qf3 Bd7
1/2-1/2

[Event "CAN-Zonal qual. Online w"]
[Site "Internet Chess Club"]
[Date "2021.06.03"]
[Round "6"]
[White "Pham, Ngoc"]
[Black "Demchenko, Svitlana"]
[Result "0-1"]
[WhiteElo "2235"]
[BlackElo "2071"]
[PlyCount "102"]
[EventDate "2021.06.02"]
[EventType "tourn"]
[EventRounds "10"]
[EventCountry "CAN"]

1. c4 c5 2. g3 Nc6 3. Bg2 g6 4. Nc3 Bg7 5. e4 d6 6. Nge2 e5 7. O-O Nge7 8. d3
O-O 9. h3 Rb8 10. f4 f5 11. Be3 Nd4 12. Qd2 a6 13. Rae1 b5 14. b3 Kh8 15. Nd5
Nec6 16. Kh2 Qa5 17. Qxa5 Nxa5 18. Nxd4 cxd4 19. Bd2 Nc6 20. cxb5 Rxb5 21. Rc1
Bd7 22. Rc2 exf4 23. gxf4 fxe4 24. Bxe4 Nd8 25. Bb4 Nf7 26. Rfc1 a5 27. Bd2 Nd8
28. b4 a4 29. a3 Be6 30. Nc7 Rh5 31. Nxe6 Nxe6 32. Rc8 d5 33. Bf3 Rhf5 34. Bg4
R5f6 35. Kg3 h5 36. Bf3 Bh6 37. Rxf8+ Rxf8 38. Rc6 Bxf4+ 39. Bxf4 Nxf4 40. Rd6
Nxd3 41. Rxd5 h4+ 42. Kg4 Rf4+ 43. Kg5 Rxf3 44. Rxd4 Ne5 45. Kxh4 Rxa3 46. Rd5
Re3 47. Ra5 a3 48. b5 Kg7 49. b6 Kf6 50. b7 g5+ 51. Kh5 Rxh3# 0-1